Countries That Have Won an Olympic Gold Medal in Football - Statistics

General Stats
  • This quiz has been taken 58,433 times
  • The average score is 15 of 22
Answer Stats
Gold Silver Bronze Country % Correct
2 6 2 Brazil
98%
1 1 6 Germany/ West Germany
94%
2 2 0 Argentina
93%
1 2 0 France
92%
3 0 0 Great Britain
92%
2 3 0 Spain
92%
5 2 2 United States
92%
1 0 2 Italy
87%
1 0 1 Mexico
82%
2 0 2 Canada
73%
1 2 2 Sweden
70%
2 0 0 Uruguay
66%
1 0 1 Belgium
62%
1 2 0 Poland
61%
1 0 2 Norway
57%
2 0 3 Soviet Union
53%
3 1 1 Hungary
43%
1 1 1 Nigeria
43%
1 3 1 Yugoslavia
42%
1 1 0 Czechoslovakia
30%
1 0 0 Cameroon
26%
1 1 1 East Germany
25%
No matching quizzes found
Score Distribution
Percent of People with Each Score
Percentile by Number Answered
Your Score History
You have not taken this quiz